Pragmatická jazyková rovina u osob s poruchami autistického spektra : (hodnocení pragmatické jazykové roviny u osob s poruchami autistického spektra z pohledu logopeda) / Kateřina Vitásková a Lucie Kytnarová
Record details
- ISBN: 978-80-244-5214-2
- Physical Description: 162 stran : ilustrace (některé barevné) ; 21 cm
- Edition: 1. vydání
- Publisher: Olomouc : Univerzita Palackého v Olomouci, 2017
Content descriptions
| General Note: | Nad názvem: Univerzita Palackého v Olomouci, Pedagogická fakulta, Ústav speciálněpedagogických studií |
| Bibliography, etc. Note: | Obsahuje bibliografii |
| Language Note: | České a anglické resumé |
Search for related items by subject
| Genre: | kolektivní monografie collective monographs |
Search for related items by series
Available copies
- 1 of 1 copy available at Common Catalog SPOK.
Holds
- 0 current holds with 1 total copy.
Show All Copies
| Location | Call Number / Copy Notes | Barcode | Shelving Location | Status | Due Date |
|---|---|---|---|---|---|
| Jabok Library | PeS-5.6/V
Pořízeno z projektu Škola jako místo, kde se vzdělává a žije: CZ.07.4.68/0.0/0.0/16_037/0000325
|
424480040603 | Odborná literatura | Available | - |
| LDR | 02787nam a2200685 i 4500 | ||
|---|---|---|---|
| 001 | 30279 | ||
| 003 | CZ-PrJAB | ||
| 005 | 20180514072251.0 | ||
| 007 | ta | ||
| 008 | 180201s2017 xr a f 000 0 cze | ||
| 015 | . | ‡acnb002977610 | |
| 020 | . | ‡a978-80-244-5214-2 ‡q(brožováno) | |
| 035 | . | ‡a(CZ PrNK)nkc20182977610 | |
| 040 | . | ‡aABA001 ‡bcze ‡erda | |
| 041 | 0 | . | ‡acze ‡bcze ‡beng |
| 072 | 7. | ‡a376 ‡xVýchova a vzdělávání zvláštních skupin osob ‡2Konspekt ‡922 | |
| 080 | . | ‡a316.344.6-056.36-053.2 ‡2MRF | |
| 080 | . | ‡a616.89-008.45 ‡2MRF | |
| 080 | . | ‡a616.89-008.434 ‡2MRF | |
| 080 | . | ‡a316.77:81'42 ‡2MRF | |
| 080 | . | ‡a81'2/'44 ‡2MRF | |
| 080 | . | ‡a376-056.264 ‡2MRF | |
| 080 | . | ‡a376.013.77 ‡2MRF | |
| 080 | . | ‡a(048.8:082) ‡2MRF | |
| 100 | 1 | . | ‡aVitásková, Kateřina, ‡d1972- ‡7xx0035087 ‡4aut |
| 245 | 1 | 0. | ‡aPragmatická jazyková rovina u osob s poruchami autistického spektra : ‡b(hodnocení pragmatické jazykové roviny u osob s poruchami autistického spektra z pohledu logopeda) / ‡cKateřina Vitásková a Lucie Kytnarová |
| 246 | 3 | 0. | ‡aHodnocení pragmatické jazykové roviny u osob s poruchami autistického spektra z pohledu logopeda |
| 250 | . | ‡a1. vydání | |
| 264 | 1. | ‡aOlomouc : ‡bUniverzita Palackého v Olomouci, ‡c2017 | |
| 300 | . | ‡a162 stran : ‡bilustrace (některé barevné) ; ‡c21 cm | |
| 336 | . | ‡atext ‡btxt ‡2rdacontent | |
| 337 | . | ‡abez média ‡bn ‡2rdamedia | |
| 338 | . | ‡asvazek ‡bnc ‡2rdacarrier | |
| 490 | 1 | . | ‡aMonografie |
| 500 | . | ‡aNad názvem: Univerzita Palackého v Olomouci, Pedagogická fakulta, Ústav speciálněpedagogických studií | |
| 504 | . | ‡aObsahuje bibliografii | |
| 546 | . | ‡aČeské a anglické resumé | |
| 650 | 0 | 7. | ‡aděti s autismem ‡7ph114095 ‡2czenas |
| 650 | 0 | 7. | ‡aautismus ‡7ph118685 ‡2czenas |
| 650 | 0 | 7. | ‡aporuchy komunikace ‡7ph205080 ‡2czenas |
| 650 | 0 | 7. | ‡aporuchy řeči ‡7ph124391 ‡2czenas |
| 650 | 0 | 7. | ‡akomunikační dovednosti ‡7ph180925 ‡2czenas |
| 650 | 0 | 7. | ‡apragmatika ‡7ph124543 ‡2czenas |
| 650 | 0 | 7. | ‡alogopedie ‡7ph117229 ‡2czenas |
| 650 | 0 | 7. | ‡aspeciálně pedagogická diagnostika ‡7ph751240 ‡2czenas |
| 650 | 0 | 9. | ‡achildren with autism ‡2eczenas |
| 650 | 0 | 9. | ‡aautism ‡2eczenas |
| 650 | 0 | 9. | ‡acommunicative disorders ‡2eczenas |
| 650 | 0 | 9. | ‡aspeech disorders ‡2eczenas |
| 650 | 0 | 9. | ‡acommunication skills ‡2eczenas |
| 650 | 0 | 9. | ‡apragmatics ‡2eczenas |
| 650 | 0 | 9. | ‡aspeech therapy ‡2eczenas |
| 650 | 0 | 9. | ‡aspecial educational diagnostics ‡2eczenas |
| 655 | 7. | ‡akolektivní monografie ‡7fd501537 ‡2czenas | |
| 655 | 9. | ‡acollective monographs ‡2eczenas | |
| 700 | 1 | . | ‡aKytnarová, Lucie, ‡d1990- ‡7xx0215412 ‡4aut |
| 710 | 2 | . | ‡aUniverzita Palackého. ‡bÚstav speciálněpedagogických studií ‡7mzk2010513295 ‡4pbl |
| 810 | 2 | . | ‡aUniverzita Palackého. ‡tMonografie |
| 910 | . | ‡aABG312 | |
| 901 | . | ‡a30279 ‡b ‡c30279 ‡tbiblio | |